Gaming Quiz

Random Gaming or Minecraft Quiz

Minecraft Inventory Finder Quiz Stats

 Plays Quiz Updated Apr 27, 2020

Support Sporcle.
Go Orange.
Score 0/40 Timer 05:00
2 Plays Today
% Correct
Bone
94.2%
Golden
Sword
94.1%
Golden
Apple
94.1%
Golden
Leggings
94.1%
Chain
Helmet
94%
Leather
Boots
94%
Bow
93.8%
Iron
Door
93.7%
Cooked
Chicken
93.7%
Eye of
Ender
93.5%
Arrow
93.5%
Bottle
o'
Enchantin
93.5%
Diamond
Chestplate
93.5%
Enchanted
Book
93.3%
Lava
Bucket
93.3%
Anvil
92.9%
Wooden
Trapdoor
92.8%
Glass
92.8%
Sign
92.8%
Ink Sac
92.4%
% Correct
Block
of
Emerald
92.2%
Saddle
92.2%
Clock
92.2%
Furnace
92.1%
Rotten
Flesh
91.9%
Iron
Horse
Armor
91.8%
Diamond
Ore
91.6%
Red
Wool
91.6%
Crafting
Table
91.5%
Redstone
91.5%
Hopper
90.6%
Jukebox
90.4%
Beacon
90%
Netherrack
89.9%
Birch
Wood
Stairs
89.2%
White
Tulip
89%
Oxeye
Daisy
88.4%
Birch
Wood
88.4%
Acacia
Wood
Stairs
88%
Redstone
Lamp
86.4%

From the Vault

Celebration by Peanuts Special

by MRL

Holiday 4m
Good grief, this quiz will take you down memory lane.
Remove Ads.
Support Sporcle.
Get the best of Sporcle when you Go Orange. This ad-free experience offers more features, more stats, and more fun while also helping to support Sporcle. Thank you for becoming a member.

Show Comments

Extras

Top Quizzes Today


Score Distribution

Your Account Isn't Verified!

In order to create a playlist on Sporcle, you need to verify the email address you used during registration. Go to your Sporcle Settings to finish the process.

Report this User

Report this user for behavior that violates our Community Guidelines.

Details: